00470nam a2200121Ia 4500001000400000008004100004082002300045100006500068245014700133260002400280901002900304999001500333593241024s9999 xx 000 0 und d aRD/370.97293/R426c aRepública Dominicana.Secretaría de Estado de Educación 0aCamino a una nueva reforma del sector educación en la República Dominicana, proyecto de asistencia técnica institucional Unión Europea bSanto Domingoc2008 a18/11/2010 10:00:00 a.m. c9106d9106